Lược sử lập hiến các quốc gia Đông Nam Á
Trình bày lịch sử ra đời và các bước hoàn thiện Hiến pháp của 11 quốc gia trong khu vực Đông Nam Á, những sự kiện liên quan đến các bản Hiến pháp Việt Nam từ trước đến nay
Đã lưu trong:
| 主要作者: | |
|---|---|
| 格式: | 圖書 |
| 語言: | Undetermined |
| 出版: |
Thành phố Hồ Chí Minh
Tổng hợp Thành phố Hồ Chí Minh
2014
|
| 主題: | |
| 標簽: |
添加標簽
沒有標簽, 成為第一個標記此記錄!
|
| Thư viện lưu trữ: | Trung tâm Học liệu Trường Đại học Cần Thơ |
|---|
| LEADER | 00992nam a2200217Ia 4500 | ||
|---|---|---|---|
| 001 | CTU_193204 | ||
| 008 | 210402s9999 xx 000 0 und d | ||
| 020 | |c 260000 | ||
| 082 | |a 342.59029 | ||
| 082 | |b Th107 | ||
| 100 | |a Phan, Đăng Thanh | ||
| 245 | 0 | |a Lược sử lập hiến các quốc gia Đông Nam Á | |
| 245 | 0 | |c Phan Đăng Thanh, Trương Thị Hòa | |
| 260 | |a Thành phố Hồ Chí Minh | ||
| 260 | |b Tổng hợp Thành phố Hồ Chí Minh | ||
| 260 | |c 2014 | ||
| 520 | |a Trình bày lịch sử ra đời và các bước hoàn thiện Hiến pháp của 11 quốc gia trong khu vực Đông Nam Á, những sự kiện liên quan đến các bản Hiến pháp Việt Nam từ trước đến nay | ||
| 650 | |a Constitutional law,Luật hiến pháp | ||
| 650 | |z Southeast Asia,Đông Nam Á | ||
| 910 | |a Hải | ||
| 980 | |a Trung tâm Học liệu Trường Đại học Cần Thơ | ||